| 000 | 01284nam a22002895a 4500 | ||
|---|---|---|---|
| 999 |
_c27330 _d27301 |
||
| 003 | EG-ScBUE | ||
| 005 | 20190331111330.0 | ||
| 008 | 190331s2019 ua frb 000 0 ara d | ||
| 017 | _a2018 / 11053 | ||
| 020 | _a9789777670289 | ||
| 040 |
_aEG-ScBUE _bara _cEG-ScBUE _dEG-ScBUE |
||
| 043 |
_ama----- _aa-ir--- |
||
| 082 | 0 | 4 |
_a327.550536 _bش ا هـ _222 |
| 100 | 1 | _aابن شاهين، عزة بنت عبد الرحيم بن محمد. | |
| 245 | 1 | 2 |
_aالخليج العربي والأمن النووي : _bمن 1990 إلى سنة 2008 م / _cتأليف عزة بنت عبد الرحيم بن محمد بن شاهين. |
| 250 | _aط. 1. | ||
| 260 |
_aالقاهرة : _bمدبولي للنشر والتوزيع، _c2019. |
||
| 300 |
_a242 ص. ؛ _c24 سم. |
||
| 504 | _aيشتمل على إرجاعات ببليوجرافية. | ||
| 650 | 7 |
_aالأسلحة النووية _zالخليج العربي. _2BUEsh |
|
| 650 | 7 |
_aالأسلحة النووية _zإيران. _2BUEsh _941135 |
|
| 650 | 7 |
_aالأسلحة النووية _zإسرائيل. _2BUEsh |
|
| 651 | 7 |
_aالخليج العربي _xعلاقات خارجية _zإيران. _2BUEsh |
|
| 651 | 7 |
_aإيران _xعلاقات خارجية _zالخليج العربي. _2BUEsh |
|
| 653 |
_bBUSBOL _cMarch2019 |
||
| 942 | _2ddc | ||